[Event "Xtracon Chess Open 2019"]
[Site "Helsingor DEN"]
[Date "2019.07.27"]
[Round "9.163"]
[White "Weersing, Nathan"]
[Black "Warston, Hakan"]
[Result "1-0"]
[WhiteElo "1388"]
[BlackElo "1656"]
[WhiteFideId "467936"]
[BlackFideId "1717367"]
[EventDate "2019.07.20"]

1. e4 e6 2. d4 d5 3. Nc3 Nf6 4. Bg5 Be7 5. e5 Nfd7 6. h4 O-O 7. Qg4 Kh8 8. Bd3
f5 9. Bxe7 Qxe7 10. Qg5 Qf7 11. h5 h6 12. Qf4 a6 13. Nf3 c5 14. dxc5 Nxc5 15.
Be2 Nc6 16. Nh4 Rd8 17. Ng6+ Kg8 18. Bf3 d4 19. Bxc6 bxc6 20. O-O-O d3 21. Qe3
d2+ 22. Rxd2 Rxd2 23. Qxd2 Qd7 24. Qd6 Bb7 25. Qxc5 Rd8 26. Rd1 1-0

[Event "Xtracon Chess Open 2019"]
[Site "Helsingor DEN"]
[Date "2019.07.27"]
[Round "9.164"]
[White "Jensen, Johannes Frank"]
[Black "Nielsen, Leo Kresten Roland"]
[Result "0-1"]
[WhiteElo "1347"]
[BlackElo "1653"]
[WhiteFideId "1457942"]
[BlackFideId "1426095"]
[EventDate "2019.07.20"]

1. e4 e5 2. d4 exd4 3. c3 dxc3 4. Bc4 Qe7 5. Nxc3 c6 6. Nf3 b5 7. Bb3 h6 8. O-O
a5 9. Qd3 a4 10. Bc2 Ba6 11. Ne2 b4 12. Qe3 Qc5 13. Nfd4 Bxe2 14. Nxe2 Qxc2 15.
Nd4 Qc4 16. Bd2 Bc5 17. Rac1 Qxd4 18. Rxc5 Qxe3 19. Re5+ Ne7 20. fxe3 d6 21. Rh5
c5 22. e5 g6 23. Rh4 dxe5 24. Re4 Nbc6 25. a3 Rd8 26. Be1 Nd5 27. Bg3 f5 28.
Bxe5 fxe4 29. Bxh8 Nxe3 30. Re1 Rd1 31. Rxd1 Nxd1 32. axb4 cxb4 33. Kf1 a3 34.
b3 Nc3 35. Kf2 a2 36. h3 a1=Q 37. Bxc3 bxc3 38. Ke3 Qe1+ 39. Kf4 c2 40. b4 c1=B+ 0-1

[Event "Xtracon Chess Open 2019"]
[Site "Helsingor DEN"]
[Date "2019.07.27"]
[Round "9.165"]
[White "Jaques, Hannibal Valeur"]
[Black "Rostrup, Nicolai"]
[Result "1/2-1/2"]
[WhiteElo "1807"]
[BlackElo "1462"]
[WhiteFideId "1454188"]
[BlackFideId "1445073"]
[EventDate "2019.07.20"]

1. e4 Nf6 2. Nc3 e5 3. Nf3 Nc6 4. Bb5 d6 5. d4 exd4 6. Nxd4 Bd7 7. O-O Be7 8.
Be3 O-O 9. f4 a6 10. Be2 Nxd4 11. Qxd4 c5 12. Qd2 Bc6 13. Bf3 Qc7 14. g4 b5 15.
Qg2 b4 16. Nd5 Nxd5 17. exd5 Bb5 18. Rf2 Bf6 19. Rb1 Rfe8 20. Bd2 Bd4 21. f5
Bxf2+ 22. Kxf2 1/2-1/2

[Event "Xtracon Chess Open 2019"]
[Site "Helsingor DEN"]
[Date "2019.07.27"]
[Round "9.166"]
[White "Morling, Aase"]
[Black "Kristensen, Thomas Overgaard"]
[Result "1/2-1/2"]
[WhiteElo "1470"]
[BlackElo "1700"]
[WhiteFideId "1440993"]
[BlackFideId "1419803"]
[EventDate "2019.07.20"]

1. e4 c6 2. d4 d5 3. exd5 cxd5 4. c4 Nf6 5. Nc3 e6 6. cxd5 Nxd5 7. Nf3 Be7 8.
Bb5+ Bd7 9. Bxd7+ Qxd7 10. O-O O-O 11. a3 Na6 12. Qb3 Rfd8 13. Nxd5 Qxd5 14.
Qxd5 Rxd5 15. Be3 Rad8 16. Rac1 Bf6 17. Rc2 h6 18. Rfc1 R5d7 19. Kf1 Nb8 20. Rc8
Nc6 21. Rxd8+ Rxd8 22. Rc4 a6 23. b4 g5 24. g4 Rd6 25. a4 b5 26. axb5 axb5 27.
Rc5 Nxb4 28. Rxb5 Nc2 29. Rb2 Nxd4 30. Nxd4 Bxd4 31. Rd2 Be5 32. h3 Kg7 33. Ke2
Kf6 34. f3 Rxd2+ 35. Bxd2 Bg3 36. Kd3 e5 1/2-1/2

[Event "Xtracon Chess Open 2019"]
[Site "Helsingor DEN"]
[Date "2019.07.27"]
[Round "9.167"]
[White "Jensen, Jonbert M. S."]
[Black "Henriksen, Morgan"]
[Result "0-1"]
[WhiteElo "1461"]
[BlackElo "1683"]
[WhiteFideId "1435914"]
[BlackFideId "1510495"]
[EventDate "2019.07.20"]

1. e4 c5 2. Nf3 d6 3. Bc4 e6 4. a3 Nf6 5. Nc3 Be7 6. O-O O-O 7. Qe2 a6 8. h3 b5
9. Ba2 Nc6 10. Rb1 b4 11. Nd1 Rb8 12. d3 h6 13. Re1 Qc7 14. Bf4 bxa3 15. e5 dxe5
16. Bxe5 Nxe5 17. Qxe5 Bd6 18. Qe2 axb2 19. c4 Bb7 20. Nd2 Qa5 21. Rxb2 Bc6 22.
Nb3 Qc7 23. Nc3 Rb7 24. f3 Rfb8 25. Reb1 Be5 26. Qe1 a5 27. Re2 Bd6 28. Ne4 Nxe4
29. dxe4 Rb4 30. Nd2 a4 31. e5 Be7 32. f4 Qb7 33. Qc1 Rb2 34. Kf1 Rxb1 35. Nxb1
Bh4 36. Nc3 Qb4 37. Qe3 Bd8 38. Re1 Qa3 39. Re2 Rb2 40. Rd2 Ba5 41. Qg3 Rxd2 0-1

[Event "Xtracon Chess Open 2019"]
[Site "Helsingor DEN"]
[Date "2019.07.27"]
[Round "9.168"]
[White "Fjallheim, Elmar Reinert"]
[Black "Krabbenhoft, Soren"]
[Result "1-0"]
[WhiteElo "1609"]
[BlackElo "1456"]
[WhiteFideId "7201095"]
[BlackFideId "1449117"]
[EventDate "2019.07.20"]

1. e4 e5 2. Nf3 Nc6 3. d4 exd4 4. Nxd4 Nxd4 5. Qxd4 c6 6. Nc3 Qe7 7. Be3 d6 8.
O-O-O Nf6 9. h3 Qe5 10. Qd3 Be7 11. f4 Qe6 12. g4 b5 13. g5 Nh5 14. f5 Qe5 15.
Ne2 Bd7 16. Bd4 Bxg5+ 17. Kb1 Qe7 18. Rg1 h6 19. e5 d5 20. Qf3 c5 21. Bf2 Bc6
22. Qxh5 1-0

[Event "Xtracon Chess Open 2019"]
[Site "Helsingor DEN"]
[Date "2019.07.27"]
[Round "9.169"]
[White "Bredeli, Havard Iversen"]
[Black "Starup, Leo"]
[Result "1/2-1/2"]
[WhiteElo "1397"]
[BlackElo "1556"]
[WhiteFideId "1514440"]
[BlackFideId "1422669"]
[EventDate "2019.07.20"]

1. d4 Nf6 2. Nf3 e6 3. c4 d5 4. Nc3 c5 5. cxd5 exd5 6. e3 b6 7. Bb5+ Bd7 8.
Bxd7+ Nbxd7 9. O-O Be7 10. Re1 O-O 11. e4 dxe4 12. Nxe4 Nxe4 13. Rxe4 Nf6 14.
Re1 cxd4 15. Nxd4 Bc5 16. Be3 Re8 17. Nf5 Bxe3 18. Nxe3 Qe7 19. Nf5 Qxe1+ 20.
Qxe1 Rxe1+ 21. Rxe1 Re8 1/2-1/2

[Event "Xtracon Chess Open 2019"]
[Site "Helsingor DEN"]
[Date "2019.07.27"]
[Round "9.170"]
[White "Lalla, Karol"]
[Black "Nielsen, Pia"]
[Result "1-0"]
[WhiteElo "1534"]
[BlackElo "1365"]
[WhiteFideId "12947407"]
[BlackFideId "1409700"]
[EventDate "2019.07.20"]

1. d4 d5 2. f4 Bg4 3. Nd2 e6 4. Ngf3 Bxf3 5. Nxf3 Nd7 6. e3 Ngf6 7. Bd3 Ne4 8.
O-O f5 9. Ne5 Nxe5 10. fxe5 Qg5 11. c4 O-O-O 12. cxd5 exd5 13. Bd2 h5 14. Ba5
Rh7 15. Qe2 Rh6 16. Rfc1 Rd7 17. Rc2 b6 18. Ba6+ Kd8 19. Be1 h4 20. Rac1 c5 21.
dxc5 bxc5 22. Ba5+ Ke7 23. Bc8 c4 24. Bb4+ Rdd6 25. exd6+ Nxd6 26. Qf3 f4 27.
exf4 Qh5 28. Bxd6+ Kxd6 29. Qa3+ Kc7 30. Qxf8 Rf6 31. Qxg7+ Rf7 32. Qe5+ Qxe5
33. fxe5 Kxc8 34. e6 Re7 35. Re1 Kc7 36. Rf2 Kd6 37. Rf7 Rxe6 38. Rxe6+ Kxe6 39.
Rxa7 Ke5 40. Kf2 Ke4 41. Rh7 Kd3 42. Rxh4 d4 43. Ke1 Ke3 44. a4 d3 45. a5 d2+
46. Kd1 Kd3 47. Rh3+ Ke4 48. Kxd2 c3+ 49. Rxc3 Kd5 50. a6 Ke5 51. a7 Kf4 52.
a8=Q Kf5 53. Rc5+ Kf4 54. Qa4# 1-0

[Event "Xtracon Chess Open 2019"]
[Site "Helsingor DEN"]
[Date "2019.07.27"]
[Round "9.171"]
[White "Madsen, Dennis"]
[Black "Hinrichs, Kurt"]
[Result "0-1"]
[WhiteElo "1529"]
[BlackElo "1225"]
[WhiteFideId "1425919"]
[BlackFideId "12994057"]
[EventDate "2019.07.20"]

1. d4 d5 2. e4 e6 3. Nc3 Nf6 4. e5 Nfd7 5. Nf3 Be7 6. h4 h6 7. Bd3 c5 8. Ne2 c4
9. Nf4 cxd3 10. Qxd3 Nc6 11. Nxe6 fxe6 12. Qg6+ Kf8 13. Bd2 Qe8 14. Qg4 Qf7 15.
O-O-O Nb6 16. Rh3 Qf5 17. Qg3 Nb4 18. Bxb4 Bxb4 19. h5 Bd7 20. Nh4 Qg5+ 21. Qxg5
hxg5 22. Ng6+ Kf7 23. Rf3+ Kg8 24. Nxh8 Kxh8 25. g3 Be7 26. g4 Rf8 27. Rdd3 Rxf3
28. Rxf3 Kg8 29. Rh3 Kh7 30. Rc3 Bd8 31. b3 a6 32. Rf3 Kg8 33. a4 a5 34. Rh3 Be7
35. Kb2 Bb4 36. c3 Be7 37. h6 Kh7 38. hxg7+ Kxg7 39. Kc2 Nc8 40. Kd3 Bf8 41. c4
dxc4+ 42. Kxc4 Nb6+ 43. Kd3 Nd5 44. Kc4 Nf4 45. Rh2 b6 46. f3 Bc6 47. Rc2 Bd5+
48. Kb5 Bxb3 49. Rc7+ Kg6 50. Kxb6 Nd5+ 0-1

[Event "Xtracon Chess Open 2019"]
[Site "Helsingor DEN"]
[Date "2019.07.27"]
[Round "9.172"]
[White "Mielow, Bjarne"]
[Black "Olsen, Lars Peter Levin"]
[Result "1-0"]
[WhiteElo "1638"]
[BlackElo "1187"]
[WhiteFideId "1415484"]
[BlackFideId "1454102"]
[EventDate "2019.07.20"]

1. Nf3 c5 2. g3 e6 3. b3 Nc6 4. Bb2 Qc7 5. Bg2 d6 6. O-O e5 7. d3 Be7 8. Nc3 Be6
9. a3 Bf6 10. Nd2 Nge7 11. Nb5 Qb6 12. Nxd6+ Kf8 13. N2e4 Nd5 14. c4 Nde7 15.
Nxf6 gxf6 16. Ne4 Ng8 17. Qc2 Ke7 18. e3 h5 19. h4 Rc8 20. Nc3 Nd8 21. a4 Qc7
22. a5 a6 23. Ba3 Ke8 24. Ne4 b6 25. axb6 Qxb6 26. Rfb1 f5 27. Ng5 Bd7 28. Bb2
f6 29. Nf3 Nf7 30. d4 e4 31. dxc5 Qc6 32. Nd4 Qa8 33. c6 Rxc6 34. Nxc6 Qxc6 35.
Ra5 Bc8 36. Bd4 Bb7 37. Rxf5 Nd6 38. Rc5 Qd7 39. Rd1 Qg4 40. Bxf6 Nxf6 41. Rxd6
Qg7 42. Qc3 Rh6 43. Qe5+ Kf8 44. Rd8+ 1-0

[Event "Xtracon Chess Open 2019"]
[Site "Helsingor DEN"]
[Date "2019.07.27"]
[Round "9.173"]
[White "Mansoor, Areeb"]
[Black "Eiholt, Bjarne"]
[Result "1/2-1/2"]
[WhiteElo "1183"]
[BlackElo "1558"]
[WhiteFideId "1535870"]
[BlackFideId "1411225"]
[EventDate "2019.07.20"]

1. e4 c6 2. d4 d5 3. e5 Bf5 4. Nf3 e6 5. Nc3 a6 6. Bd3 Bxd3 7. Qxd3 c5 8. Bg5
Qc7 9. dxc5 Bxc5 10. O-O Nc6 11. Rfe1 Nge7 12. Bxe7 Bxe7 13. Qd2 Rd8 14. Qf4 O-O
15. h3 h6 16. g4 f6 17. Qg3 fxe5 18. Nxe5 Nxe5 19. Qxe5 Qxe5 20. Rxe5 Bc5 21.
Rf1 Rde8 22. Kg2 Bd4 23. Re2 b5 24. Nd1 e5 25. c3 Bb6 26. Rfe1 e4 27. Ne3 Bxe3
28. Rxe3 Rf4 29. Rg3 Ref8 30. Rf1 g5 31. f3 R8f6 32. b3 Re6 33. Rf2 Kf7 34. fxe4
Rxf2+ 35. Kxf2 dxe4 36. Ke2 Kf6 37. Kd2 Ke5 38. c4 1/2-1/2

[Event "Xtracon Chess Open 2019"]
[Site "Helsingor DEN"]
[Date "2019.07.27"]
[Round "9.174"]
[White "Schick, Matheo"]
[Black "Storme, Joel"]
[Result "1-0"]
[WhiteElo "1451"]
[BlackElo "1448"]
[WhiteFideId "1545280"]
[BlackFideId "1749021"]
[EventDate "2019.07.20"]

1. e4 d5 2. exd5 Qxd5 3. Nc3 Qa5 4. Bc4 Nf6 5. d3 c6 6. Bd2 Qc7 7. Qe2 Bg4 8. f3
Bh5 9. g4 Bg6 10. f4 h6 11. f5 Bh7 12. O-O-O Nbd7 13. h4 Ne5 14. g5 Nfd7 15.
Bxf7+ Nxf7 16. g6 Bxg6 17. fxg6 Nfe5 18. h5 Nf6 19. Nf3 Nxf3 20. Qxf3 O-O-O 21.
Rde1 e5 22. Qf5+ Nd7 23. Ne4 Bd6 24. Qf7 Rhg8 25. Qe6 Kb8 26. Qxd6 Qxd6 27. Nxd6
Nf6 28. Nf7 Rde8 29. Nxe5 Re7 30. Nxc6+ bxc6 31. Rxe7 1-0

[Event "Xtracon Chess Open 2019"]
[Site "Helsingor DEN"]
[Date "2019.07.27"]
[Round "9.175"]
[White "Rempe, Lennik"]
[Black "Hein, Jacob"]
[Result "0-1"]
[WhiteElo "1147"]
[BlackElo "1422"]
[WhiteFideId "16248031"]
[BlackFideId "1402870"]
[EventDate "2019.07.20"]

1. e4 e5 2. Nf3 Nc6 3. Nc3 Bc5 4. Nxe5 Bxf2+ 5. Kxf2 Nxe5 6. d4 Ng6 7. Bc4 Nh6
8. Rf1 O-O 9. Kg1 Qh4 10. Qf3 c6 11. Bxh6 Qxh6 12. Bxf7+ Kh8 13. Qg3 b6 14. Qc7
Ba6 15. Rf3 Nh4 16. Rf4 d6 17. Qxd6 Qxd6 18. Rxh4 Qxd4+ 19. Kh1 Rxf7 20. Rd1
Qxd1+ 21. Nxd1 Rf1# 0-1

[Event "Xtracon Chess Open 2019"]
[Site "Helsingor DEN"]
[Date "2019.07.27"]
[Round "9.176"]
[White "Huse, Lars Paul"]
[Black "Rempe, Janne"]
[Result "0-1"]
[WhiteElo "1124"]
[BlackElo "1594"]
[WhiteFideId "1526537"]
[BlackFideId "16202392"]
[EventDate "2019.07.20"]

1. e4 d6 2. Nf3 Nf6 3. Nc3 Nbd7 4. Bc4 h6 5. O-O e5 6. d3 Be7 7. h3 c6 8. a3 a5
9. Be3 Nf8 10. Qd2 d5 11. exd5 cxd5 12. Bb5+ Bd7 13. Bxd7+ N8xd7 14. d4 e4 15.
Nh2 g5 16. Qe2 Bd6 17. Nb5 Bxh2+ 18. Kxh2 Qb8+ 19. g3 Rg8 20. Kg2 h5 21. Rh1 Nf8
22. Bxg5 Rxg5 23. Qe3 Rg8 24. Qc3 Ne6 25. Kf1 Qd8 26. Rc1 Rc8 27. Qe3 Qb6 28. a4
Nc7 29. Nxc7+ Rxc7 30. b3 Qb4 31. Qf4 Qe7 32. Ke2 Nh7 33. Qf5 Nf6 34. Qf4 Rg6
35. Rhd1 Rc8 36. Qe3 Qe6 37. c3 Qxh3 38. Rh1 Qe6 39. b4 Ng4 40. Qd2 Rf6 41. Rcf1
Qf5 42. Ke1 Qf3 43. Rxh5 Rxc3 44. Rh8+ Ke7 45. Rb8 Re3+ 0-1

[Event "Xtracon Chess Open 2019"]
[Site "Helsingor DEN"]
[Date "2019.07.28"]
[Round "10.80"]
[White "Gupta Nikhil"]
[Black "Pekin, Tolgay"]
[Result "0-1"]
[WhiteElo "1528"]
[BlackElo "2070"]
[WhiteFideId "25697773"]
[BlackFideId "6305440"]
[EventDate "2019.07.20"]

1. c4 e5 2. Nc3 Nc6 3. g3 g6 4. Bg2 Bg7 5. e4 d6 6. Nge2 Be6 7. d3 Qd7 8. Be3
Nd4 9. O-O Bh3 10. Rb1 Ne7 11. b4 h5 12. Nd5 Bxg2 13. Kxg2 Nxe2 14. Qxe2 c6 15.
Nxe7 Qxe7 16. h4 O-O 17. a4 Qd7 18. a5 f5 19. Bg5 Kh7 20. f4 exf4 21. Bxf4 Rae8
22. Rfe1 Re6 23. Qc2 Rfe8 24. Rbd1 d5 25. Kf1 Qe7 26. Bg5 Qd6 27. Bf4 Qxb4 28.
Rb1 Qe7 29. Bg5 Qd7 30. Qb3 dxe4 31. Qxb7 Qxd3+ 32. Kg2 Qf3+ 33. Kh3 Kg8 34.
Qxa7 Be5 35. Re3 Qg4+ 36. Kg2 f4 37. Rb7 fxe3 38. Rh7 Qxg3+ 39. Kf1 Qf2# 0-1

[Event "Xtracon Chess Open 2019"]
[Site "Helsingor DEN"]
[Date "2019.07.28"]
[Round "10.81"]
[White "Rossen, Claus"]
[Black "Voll, Oddvar U"]
[Result "1-0"]
[WhiteElo "2217"]
[BlackElo "1927"]
[WhiteFideId "1403222"]
[BlackFideId "1533827"]
[EventDate "2019.07.20"]

1. e4 d6 2. d4 Nf6 3. Nc3 Nbd7 4. Nf3 e5 5. Bc4 Be7 6. O-O c6 7. a4 a5 8. h3 h6
9. Be3 Nf8 10. dxe5 dxe5 11. Nxe5 Ne6 12. Qxd8+ Bxd8 13. f4 Bc7 14. Nd3 O-O 15.
e5 Ne8 16. f5 1-0

[Event "Xtracon Chess Open 2019"]
[Site "Helsingor DEN"]
[Date "2019.07.28"]
[Round "10.82"]
[White "Liu, Casper"]
[Black "Steenstrup, Svend"]
[Result "1-0"]
[WhiteElo "2194"]
[BlackElo "1924"]
[WhiteFideId "1454153"]
[BlackFideId "1409182"]
[EventDate "2019.07.20"]

1. d4 d5 2. Bf4 c5 3. c3 Nc6 4. e3 Nf6 5. Nd2 Qb6 6. Qc2 Nh5 7. Be5 cxd4 8. exd4
Nxe5 9. dxe5 g6 10. O-O-O Bh6 11. Qa4+ Bd7 12. Qh4 d4 13. Ne2 Ba4 14. b3 Bxb3
15. axb3 Qxb3 16. Qxd4 Rc8 17. Qe4 Qa3+ 18. Kb1 Rc6 19. Nc4 Qb3+ 20. Nb2 Ra6 21.
Qd5 Qxd5 22. Rxd5 Rb6 23. g3 Ng7 24. Bh3 1-0

[Event "Xtracon Chess Open 2019"]
[Site "Helsingor DEN"]
[Date "2019.07.28"]
[Round "10.83"]
[White "Petersen, Peter Birk"]
[Black "Meyer, Juergen"]
[Result "1/2-1/2"]
[WhiteElo "2158"]
[BlackElo "1889"]
[WhiteFideId "1401696"]
[BlackFideId "24661759"]
[EventDate "2019.07.20"]

1. e4 e6 2. d4 d5 3. Nd2 Nf6 4. e5 Nfd7 5. Bd3 c5 6. c3 Nc6 7. Ne2 cxd4 8. cxd4
f6 9. exf6 Nxf6 10. Nf3 Bd6 11. O-O Qc7 12. Bg5 O-O 13. Bh4 Nh5 14. Qc2 h6 15.
Bh7+ Kh8 16. Bg6 Rxf3 17. Bxh5 Rf8 18. Bg3 e5 19. dxe5 Bxe5 20. Qc5 Rd8 21. Rad1
Bxg3 22. hxg3 Qe5 23. Nf4 Qd6 24. Qxd6 Rxd6 25. Rxd5 Rxd5 26. Nxd5 Bf5 27. Re1
Rd8 28. Ne7 Nxe7 29. Rxe7 Rd7 30. Rxd7 Bxd7 31. f4 Kg8 32. Kf2 Kf8 33. Ke3 Ke7
34. Bf3 b6 35. b4 Kd6 36. Kd4 Be6 37. a3 Ba2 38. g4 g5 39. f5 Bb3 40. g3 Ba2 41.
Bb7 Bb3 42. Bc8 Bf7 43. Bb7 Bb3 44. Ba6 Bd5 45. Bc8 Bf7 46. Bb7 Bb3 47. f6 Be6
48. Bf3 Bf7 49. Be4 Be6 50. Bf3 1/2-1/2

[Event "Xtracon Chess Open 2019"]
[Site "Helsingor DEN"]
[Date "2019.07.28"]
[Round "10.84"]
[White "Laustsen, Lars"]
[Black "Sebastian, Andreas"]
[Result "1-0"]
[WhiteElo "2137"]
[BlackElo "1911"]
[WhiteFideId "1407554"]
[BlackFideId "1529498"]
[EventDate "2019.07.20"]

1. d4 e6 2. c4 b6 3. e4 Bb7 4. Bd3 Bb4+ 5. Kf1 e5 6. dxe5 Nc6 7. Nf3 Nge7 8. a3
Bc5 9. b4 Bd4 10. Ra2 Bxe5 11. b5 Nd4 12. Nxe5 d6 13. Nf3 Ne6 14. Nc3 Rf8 15.
Ng5 Nc5 16. Nxh7 Rh8 17. Ng5 f6 18. Nf3 Qd7 19. Nd5 O-O-O 20. a4 Rdf8 21. Be3
Ne6 22. a5 g5 23. axb6 axb6 24. Qa1 Kb8 25. Ra7 g4 26. Nd4 Nc5 27. Nxe7 Qxe7 28.
Nc6+ 1-0

[Event "Xtracon Chess Open 2019"]
[Site "Helsingor DEN"]
[Date "2019.07.28"]
[Round "10.85"]
[White "Karlsson, Jorgen"]
[Black "Satre, Roger"]
[Result "0-1"]
[WhiteElo "2114"]
[BlackElo "1867"]
[WhiteFideId "1711679"]
[BlackFideId "1510320"]
[EventDate "2019.07.20"]

1. f4 d5 2. Nf3 c5 3. e3 Nc6 4. d4 Bg4 5. c3 Bxf3 6. Qxf3 e6 7. Bd3 f5 8. Nd2
Nf6 9. Qh3 cxd4 10. exd4 Qc7 11. O-O O-O-O 12. Nb3 Bd6 13. Qe3 Ne4 14. Bxe4 fxe4
15. Qh3 Qd7 16. Be3 Ne7 17. a4 Nf5 18. c4 h6 19. c5 Bc7 20. c6 Qxc6 21. Rfc1 Qd7
22. Nc5 Qf7 23. Rc3 Kb8 24. Rb3 Bb6 25. Nxb7 Kxb7 26. a5 Ra8 27. axb6 axb6 28.
Rxa8 Rxa8 29. g4 Ra1+ 30. Kg2 Nd6 31. Rc3 Rb1 32. Rc2 Nc4 33. Bc1 Qg6 34. Qh5
Qxh5 35. gxh5 Nd6 36. f5 Nxf5 37. Bf4 Ka6 38. Kf2 Nxd4 39. Rd2 Nf5 40. Rc2 d4
41. Be5 Ne3 0-1

[Event "Xtracon Chess Open 2019"]
[Site "Helsingor DEN"]
[Date "2019.07.28"]
[Round "10.86"]
[White "Rosell, Sven"]
[Black "Poulsen, Klaus E."]
[Result "1-0"]
[WhiteElo "1913"]
[BlackElo "2095"]
[WhiteFideId "1707760"]
[BlackFideId "1405039"]
[EventDate "2019.07.20"]

1. c4 Nf6 2. Nc3 g6 3. e4 d6 4. d4 Bg7 5. h3 O-O 6. Be3 c5 7. d5 b5 8. cxb5 a6
9. b6 Qxb6 10. Qd2 e6 11. Nf3 Bb7 12. Rb1 Qa5 13. dxe6 fxe6 14. Bc4 d5 15. exd5
exd5 16. Bb3 Kh8 17. Ne4 Qxd2+ 18. Nexd2 d4 19. Bg5 Re8+ 20. Kf1 Bc6 21. Kg1
Nbd7 22. Bf4 Nd5 23. Bg3 N5b6 24. Kh2 Bxf3 25. gxf3 Re2 26. Nc4 Bh6 27. Nd6 Kg7
28. Rhe1 Rxe1 29. Rxe1 Kf8 30. Nc4 Bg5 31. Bd6+ Kg7 32. Nxb6 Nxb6 33. Bxc5 1-0

[Event "Xtracon Chess Open 2019"]
[Site "Helsingor DEN"]
[Date "2019.07.28"]
[Round "10.87"]
[White "Skjoldager, Per"]
[Black "Woltery, Nicolai"]
[Result "1/2-1/2"]
[WhiteElo "2081"]
[BlackElo "1865"]
[WhiteFideId "1408828"]
[BlackFideId "436887"]
[EventDate "2019.07.20"]

1. e4 c5 2. c3 Nf6 3. e5 Nd5 4. d4 cxd4 5. cxd4 d6 6. Nf3 Nc6 7. Bc4 dxe5 8.
Nxe5 e6 9. O-O Be7 10. Qd3 Ndb4 11. Nxc6 bxc6 12. Qe4 O-O 13. Nc3 Qa5 14. Be3
Ba6 15. Bxa6 Qxa6 16. a3 Nd5 17. Rac1 Rab8 18. Qc2 Nxc3 19. Qxc3 Rfc8 20. Rc2
Bd6 21. Rfc1 Qb5 22. Qd2 Qd5 23. Qe2 Rb6 24. Qg4 h5 25. Qg5 Kf8 26. Qxd5 exd5
27. Bd2 Ke7 28. Ba5 Ra6 29. Bc3 Kd7 30. g3 g6 31. Re1 Rb6 32. Rce2 Rb3 33. Re3
Rbb8 34. Kg2 Re8 35. Rxe8 Rxe8 36. Rxe8 Kxe8 37. Kf3 Kd7 38. Bd2 Ke6 39. Bf4 Be7
40. Bb8 a6 41. Ba7 Bg5 42. b3 Bc1 43. Bc5 Kf5 44. h3 Bg5 45. g4+ hxg4+ 46. hxg4+
Kf6 47. Bd6 Ke6 48. Bf4 Be7 49. Bc1 c5 50. dxc5 Bxc5 51. b4 Bb6 52. Bb2 f5 53.
gxf5+ Kxf5 54. Ke2 Ke4 55. f3+ Kf4 56. Bc1+ Kg3 57. a4 d4 58. f4 Bd8 59. b5 axb5
60. axb5 Bb6 1/2-1/2

[Event "Xtracon Chess Open 2019"]
[Site "Helsingor DEN"]
[Date "2019.07.28"]
[Round "10.88"]
[White "Nielsen, Jorgen Lovgren"]
[Black "Saravana, Vedant Kumar"]
[Result "1/2-1/2"]
[WhiteElo "2053"]
[BlackElo "1861"]
[WhiteFideId "1403850"]
[BlackFideId "45059730"]
[EventDate "2019.07.20"]

1. e4 e5 2. Nf3 Nc6 3. Bb5 a6 4. Bc4 Nge7 5. O-O g6 6. d4 exd4 7. Nxd4 b5 8. Bb3
Bg7 9. c3 Na5 10. Bc2 O-O 11. Bg5 h6 12. Bh4 c5 13. Nf3 Re8 14. Re1 Qb6 15. Nbd2
Nec6 16. Nf1 Nc4 17. Rb1 N6e5 18. Nxe5 Bxe5 19. Ne3 Nxe3 20. Rxe3 Qc7 21. Bg3
Bxg3 22. Rxg3 Bb7 23. Qg4 Qb6 24. Rd1 Qe6 25. Qxe6 Rxe6 26. Re3 Rae8 27. Rxd7
Bxe4 28. Bxe4 Rxe4 29. Rxe4 Rxe4 30. Kf1 Re6 31. b3 Rc6 32. Ke2 c4 33. b4 Kg7
34. Ke3 Kf6 35. Ra7 Rd6 36. Ke2 Ke6 1/2-1/2

[Event "Xtracon Chess Open 2019"]
[Site "Helsingor DEN"]
[Date "2019.07.28"]
[Round "10.89"]
[White "Haraldsson, Leif"]
[Black "Zemlickova, Olena"]
[Result "1/2-1/2"]
[BlackTitle "WIM"]
[WhiteElo "1857"]
[BlackElo "2043"]
[WhiteFideId "1710648"]
[BlackFideId "14105560"]
[EventDate "2019.07.20"]

1. e4 e5 2. Bc4 Nf6 3. Qf3 d6 4. h3 Be7 5. d3 c6 6. Nd2 d5 7. Bb3 Qd6 8. Ne2 Be6
9. Ng3 g6 10. a4 a5 11. O-O O-O 12. Re1 Nbd7 13. Nf5 Bxf5 14. exf5 Nc5 15. fxg6
fxg6 16. Ba2 Nxa4 17. Qe2 Nd7 18. d4 Nab6 19. dxe5 Qe6 20. Nf3 Bc5 21. Bh6 Rfe8
22. Rad1 a4 23. c3 Rac8 24. Qd2 Qf5 25. Nd4 Bxd4 26. cxd4 Ra8 27. Qb4 Re6 28. g4
Qf3 29. Qc3 Qxc3 30. bxc3 Ra5 31. f4 Rb5 32. Re2 Kf7 33. Bg5 Kg7 34. f5 Re8 35.
f6+ Kf7 36. e6+ Rxe6 37. Rxe6 Kxe6 38. Re1+ Kf7 39. Re7+ Kg8 40. Re8+ Kf7 41.
Re2 a3 42. Re7+ Kg8 43. Re8+ Kf7 1/2-1/2

[Event "Xtracon Chess Open 2019"]
[Site "Helsingor DEN"]
[Date "2019.07.28"]
[Round "10.90"]
[White "Pallesen, Jacob"]
[Black "Amin, Idris"]
[Result "1-0"]
[WhiteElo "2041"]
[BlackElo "1853"]
[WhiteFideId "1404881"]
[BlackFideId "1746022"]
[EventDate "2019.07.20"]

1. d4 Nf6 2. Nf3 g6 3. c4 Bg7 4. Nc3 O-O 5. e4 d6 6. h3 Na6 7. Bd3 e5 8. O-O Nb4
9. Bb1 a5 10. Bg5 h6 11. Bh4 Qe8 12. Bg3 Nh5 13. Bh2 exd4 14. Nxd4 Nc6 15. Ndb5
Qd8 16. c5 Qg5 17. Qd5 dxc5 18. Qxg5 hxg5 19. Nxc7 Rb8 20. Na6 bxa6 21. Bxb8
Nxb8 22. Bd3 Nf4 23. Bc4 Nc6 24. Na4 Bd4 25. Rac1 Ne5 26. Rfd1 Bd7 27. Nb6 Bb5
28. Bxb5 axb5 29. Rc2 Rb8 30. Nd5 Nxd5 31. exd5 g4 32. Re2 f6 33. hxg4 Nxg4 34.
Rde1 Ne5 35. Kf1 Nc4 36. Re8+ Rxe8 37. Rxe8+ Kf7 38. Rb8 Nd6 39. b3 f5 40. Rb6
Ke7 41. Ra6 Bc3 42. Ke2 Bb4 43. Kd3 g5 44. f3 c4+ 45. bxc4 bxc4+ 46. Kd4 f4 47.
Rc6 Bd2 48. Rc7+ Kf6 49. Kc5 Bb4+ 50. Kc6 c3 51. Kb6 Ke5 52. a3 Kxd5 53. axb4
axb4 54. Ka5 c2 55. Kxb4 Nf5 56. Rxc2 Kd4 57. Rc5 Ng3 58. Rxg5 Ke3 59. Kc4 Kf2
60. Rg4 Ke3 61. Kd5 Ne2 62. Ke5 Kf2 63. Rxf4 Kxg2 64. Rf8 Kg3 65. f4 Kg4 66.
Rg8+ Kf3 67. f5 Nf4 68. f6 Nd3+ 69. Kd6 Kf4 70. f7 1-0